[Event "Balkan Youth Online-ch 2020"]
[Site "Online"]
[Date "2020.10.31"]
[Round "6.17"]
[White "Poupalos, Nikolaos"]
[Black "Ramaj, Ergit"]
[Result "0-1"]
[WhiteElo "1887"]
[BlackElo "1444"]
[Annotator "NA RC"]
[PlyCount "82"]
[EventDate "2020.10.31"]
[EventType "swiss"]
[SourceTitle "playchess.com"]
[Source "ChessBase"]
[SourceQuality "1"]

1. e4 Nf6 2. e5 Nd5 3. d4 d6 4. Nf3 dxe5 5. Nxe5 g6 6. Be2 Bg7 7. O-O O-O 8. c4 Nb4 9. Nc3 c5 10. Be3 cxd4 11. Bxd4 Bf5 12. Nf3 N8c6 13. Bxg7 Kxg7 14. Nd5 e6 15. Nxb4 Nxb4 16. Qb3 Qb6 17. Rac1 Nc6 18. Qc3+ f6 19. c5 Qc7 20. b4 Ne7 21. Bc4 b6 22. Nd4 e5 23. Nb5 Qc6 24. Be2 Nd5 25. Qb2 Nf4 26. Bf3 Qxb5 27. Bxa8 Rxa8 28. Qd2 Ne2+ 29. Kh1 Nxc1 30. Rxc1 bxc5 31. bxc5 Rc8 32. Qd6 Qb2 33. Qe7+ Kh6 34. Rg1 Qxf2 35. Qxf6 e4 36. h4 Qg3 37. Rf1 Qg4 38. Kg1 e3 39. Qc3 Be4 40. Qxe3+ Kh5 41. Rf4 Qxg2# 0-1

[Event "Balkan Youth Online-ch 2020"]
[Site "Online"]
[Date "2020.10.31"]
[Round "6.18"]
[White "Ivanov, Svetlen"]
[Black "Nikolovski, Kiril"]
[Result "1/2-1/2"]
[WhiteElo "1781"]
[BlackElo "1282"]
[Annotator "NA RC"]
[PlyCount "44"]
[EventDate "2020.10.31"]
[EventType "swiss"]
[SourceTitle "playchess.com"]
[Source "ChessBase"]
[SourceQuality "1"]

1. Nf3 Nf6 2. g3 g6 3. b4 Bg7 4. Bb2 O-O 5. Bg2 d6 6. O-O Bd7 7. d3 a6 8. Nbd2 Nc6 9. a3 Re8 10. c4 e5 11. c5 d5 12. e4 d4 13. Nc4 Bg4 14. h3 Bxf3 15. Qxf3 Qe7 16. Rac1 Bh6 17. Rc2 Bg7 18. Qe2 Na7 19. f4 Nd7 20. Qf2 f6 21. f5 g5 22. Rfc1 Nc6 1/2-1/2

[Event "Balkan Youth Online-ch 2020"]
[Site "Online"]
[Date "2020.10.31"]
[Round "6.19"]
[White "Cvetkovski, Gjorgji"]
[Black "Cimperman, Teo"]
[Result "0-1"]
[WhiteElo "1332"]
[BlackElo "1488"]
[Annotator "NA RC"]
[PlyCount "84"]
[EventDate "2020.10.31"]
[EventType "swiss"]
[SourceTitle "playchess.com"]
[Source "ChessBase"]
[SourceQuality "1"]

1. e4 c5 2. Nf3 Nc6 3. Bb5 g6 4. O-O Bg7 5. Nc3 e6 6. Re1 Nge7 7. d3 O-O 8. Be3 d6 9. d4 cxd4 10. Bxd4 a6 11. Ba4 b5 12. Bb3 Bb7 13. a3 Nxd4 14. Nxd4 Nc6 15. Nf3 Rc8 16. Qd2 Ne5 17. Nxe5 Bxe5 18. f4 Bxc3 19. bxc3 Qb6+ 20. Kh1 Rfd8 21. Rad1 d5 22. exd5 Bxd5 23. Qe2 Qc5 24. a4 Qxc3 25. axb5 Bxb3 26. cxb3 axb5 27. Qxb5 Rxd1 28. Rxd1 Qc2 29. Qd7 Rb8 30. Qd6 Qxb3 31. h3 Rf8 32. Rc1 Qe3 33. Rc7 h5 34. Kh2 h4 35. Rc4 Qg3+ 36. Kg1 Ra8 37. Qd1 Ra2 38. Rc8+ Kh7 39. Qf1 Rd2 40. Rc7 Kg7 41. Rc4 Qe3+ 42. Kh1 Re2 0-1

[Event "Balkan Youth Online-ch 2020"]
[Site "Online"]
[Date "2020.10.31"]
[Round "6.20"]
[White "Markov, Daniel"]
[Black "Kalin, Andrei"]
[Result "0-1"]
[WhiteElo "1386"]
[BlackElo "1426"]
[Annotator "NA RC"]
[PlyCount "70"]
[EventDate "2020.10.31"]
[EventType "swiss"]
[SourceTitle "playchess.com"]
[Source "ChessBase"]
[SourceQuality "1"]

1. e4 c5 2. Nf3 d6 3. d4 cxd4 4. Nxd4 Nf6 5. Nc3 Nc6 6. f3 e5 7. Nb3 Be6 8. Bb5 Be7 9. Be3 O-O 10. Qd2 Qc7 11. g4 a6 12. Bxc6 bxc6 13. h4 Rfd8 14. h5 d5 15. g5 Ne8 16. g6 d4 17. gxh7+ Kxh7 18. Bxd4 exd4 19. Nxd4 Qb6 20. O-O-O c5 21. e5 Rxd4 22. Qe3 Rxd1+ 23. Rxd1 Rb8 24. Qe4+ Kh8 25. b3 Qb4 26. Qe3 Rd8 27. Rg1 Qd4 28. Qe1 Qf4+ 29. Kb1 Qd2 30. Qg3 Qxc3 31. h6 g6 32. Qg2 Qxe5 33. h7 Bf6 34. c4 Qa1+ 35. Kc2 Bf5# 0-1

[Event "Balkan Youth Online-ch 2020"]
[Site "Online"]
[Date "2020.10.31"]
[Round "6.22"]
[White "Dragicevic, Niksa"]
[Black "Milovic, Ilija"]
[Result "1-0"]
[WhiteElo "1068"]
[BlackElo "1044"]
[Annotator "NA RC"]
[PlyCount "81"]
[EventDate "2020.10.31"]
[EventType "swiss"]
[SourceTitle "playchess.com"]
[Source "ChessBase"]
[SourceQuality "1"]

1. e4 d5 2. exd5 Nf6 3. Nc3 Nxd5 4. Nge2 Bg4 5. Nxd5 Qxd5 6. f3 Bf5 7. Nc3 Qd7 8. b3 Nc6 9. Bb5 a6 10. Bxc6 Qxc6 11. Bb2 e6 12. Qe2 O-O-O 13. O-O-O Bc5 14. Ne4 Bxe4 15. Qxe4 Qxe4 16. fxe4 Bd4 17. Rhf1 Bxb2+ 18. Kxb2 Rhf8 19. d3 g6 20. Rf6 Rd6 21. Rdf1 Rd7 22. Rxe6 Kd8 23. Ref6 Ke7 24. Kc3 Rd6 25. Rxd6 Kxd6 26. Re1 c5 27. Rd1 Re8 28. Rf1 Rf8 29. Rf6+ Kc7 30. Kc4 b6 31. Kd5 a5 32. Rc6+ Kb7 33. Rf6 Rd8+ 34. Ke5 Re8+ 35. Kf4 Re7 36. g4 h6 37. h4 Ka6 38. a4 Kb7 39. h5 g5+ 40. Kf5 Kc7 41. Rxh6 1-0

[Event "Balkan Youth Online-ch 2020"]
[Site "Online"]
[Date "2020.10.31"]
[Round "6.23"]
[White "Creanga, Robert-Ionut"]
[Black "Stefanou, Dimitrios"]
[Result "0-1"]
[WhiteElo "2053"]
[BlackElo "2099"]
[Annotator "TA"]
[PlyCount "102"]
[EventDate "2020.10.31"]
[EventType "swiss"]
[SourceTitle "playchess.com"]
[Source "ChessBase"]
[SourceQuality "1"]

1. d4 Nf6 2. c4 e6 3. Nc3 Bb4 4. Qc2 O-O 5. a3 Bxc3+ 6. Qxc3 b6 7. Bg5 Bb7 8. e3 d6 9. Ne2 Nbd7 10. Qc2 e5 11. d5 h6 12. Bh4 a5 13. Nc3 Nc5 14. Be2 a4 15. O-O Qe7 16. e4 g5 17. Bg3 Nb3 18. Rae1 Nd4 19. Qd3 Nd7 20. Nb5 Nc5 21. Qb1 Nxe2+ 22. Rxe2 Bc8 23. f3 f5 24. Bf2 Nb3 25. exf5 Bxf5 26. Qd1 Qh7 27. Re3 Rf7 28. Nc3 Nc5 29. Rfe1 Raf8 30. Bg3 h5 31. h3 Qg6 32. Ne4 Nb3 33. h4 Bxe4 34. fxe4 g4 35. Rxb3 axb3 36. Qxb3 Rf6 37. Qd3 Qf7 38. Qe2 Kh7 39. Qd3 Qg6 40. Qe2 Qh6 41. Rd1 R8f7 42. Re1 Qf8 43. Rd1 Qe8 44. b3 Qa8 45. a4 Qa5 46. Qd2 Rf1+ 47. Kh2 Qxd2 48. Rxd2 Rb1 49. Bf2 Rxb3 50. Ra2 Rxf2 51. Rxf2 g3+ 0-1

[Event "Balkan Youth Online-ch 2020"]
[Site "Online"]
[Date "2020.10.31"]
[Round "6.24"]
[White "Stamatiou, Rodolfos"]
[Black "Makridis, Dimitrios"]
[Result "0-1"]
[WhiteElo "2015"]
[BlackElo "2226"]
[Annotator "TA"]
[PlyCount "118"]
[EventDate "2020.10.31"]
[EventType "swiss"]
[SourceTitle "playchess.com"]
[Source "ChessBase"]
[SourceQuality "1"]

1. Nf3 d5 2. c4 e6 3. e3 Nf6 4. b3 c5 5. Bb2 Nc6 6. cxd5 exd5 7. d4 cxd4 8. Nxd4 Bb4+ 9. Bc3 Bd6 10. Nd2 O-O 11. h3 Re8 12. Nxc6 bxc6 13. Qf3 d4 14. Bxd4 Bb4 15. O-O-O Qa5 16. a4 Bc3 17. Nb1 Bxd4 18. Rxd4 Be6 19. Bc4 Bd5 20. Qd1 Rab8 21. Nd2 Rb7 22. Qc2 Reb8 23. e4 Qc5 24. Qc3 h6 25. Kc2 Bxc4 26. Qxc4 Qg5 27. g3 c5 28. Rd3 Rb4 29. Qa6 c4 30. Nxc4 Nxe4 31. Qxa7 Nc5 32. Rhd1 Nxd3 33. Rxd3 Qg6 34. Ne5 Qe6 35. Qe3 Qf5 36. g4 Qe6 37. Rc3 Re8 38. f4 g5 39. Qc5 Rxf4 40. Nd3 Qe2+ 41. Kb1 Rf1+ 42. Nc1 Qe4+ 43. Kb2 Rf6 44. a5 Ra6 45. b4 Rb8 46. Rc4 Qg2+ 47. Ka3 Qxh3+ 48. Nb3 Re6 49. Qc7 Rbe8 50. Ka4 Re3 51. Nc5 Qf1 52. Nd7 R3e7 53. Qc6 Qd1+ 54. Kb5 Rxd7 55. a6 Rb8+ 56. Ka5 Rd5+ 57. Rc5 Qa1+ 58. Qa4 Rxc5+ 59. bxc5 Qe1+ 0-1

[Event "Balkan Youth Online-ch 2020"]
[Site "Online"]
[Date "2020.10.31"]
[Round "6.25"]
[White "Zlatkov, Anton"]
[Black "Yavuz, Efe Metehan"]
[Result "0-1"]
[WhiteElo "2032"]
[BlackElo "1981"]
[Annotator "TA"]
[PlyCount "144"]
[EventDate "2020.10.31"]
[EventType "swiss"]
[SourceTitle "playchess.com"]
[Source "ChessBase"]
[SourceQuality "1"]

1. d4 c5 2. d5 e5 3. c4 d6 4. Nc3 g6 5. g3 Bg7 6. Bg2 Ne7 7. f4 O-O 8. Nf3 f5 9. fxe5 dxe5 10. e4 f4 11. O-O fxg3 12. hxg3 h6 13. Be3 b6 14. Qd2 Kh7 15. a3 Ba6 16. b3 Nc8 17. Bh3 Nd6 18. a4 Bc8 19. Bxc8 Qxc8 20. Kg2 Qg4 21. Nh2 Qd7 22. Rh1 Nf7 23. Nf3 Kg8 24. Nh4 Qg4 25. Qd1 Qxd1 26. Raxd1 Kh7 27. Nb5 Na6 28. Nf3 Kg8 29. Nh4 Kh7 30. d6 Rad8 31. Nf3 Nb4 32. Ng5+ Nxg5 33. Bxg5 Rd7 34. Be7 Rf7 35. Rhf1 Rxf1 36. Rxf1 Nc6 37. Bf6 Bxf6 38. Rxf6 Kg7 39. Rf2 Kg8 40. Rf6 Kg7 41. Rf3 Rf7 42. Nc7 Rxf3 43. Kxf3 Kf6 44. Ke3 h5 45. Kf3 Nd4+ 46. Ke3 Nxb3 47. Nb5 Ke6 48. Nxa7 Kxd6 49. Nb5+ Kc6 50. Nc3 Na5 51. Kd3 g5 52. Nd5 h4 53. gxh4 gxh4 54. Ne7+ Kd7 55. Ng6 h3 56. Nxe5+ Kd6 57. Ng4 Nc6 58. Nh2 Ne5+ 59. Kc3 Ke6 60. Nf1 Kf6 61. Kb3 Nc6 62. Kc3 Ke5 63. Kd3 Kf4 64. Nh2 Ne5+ 65. Kc3 Kxe4 66. Kb3 Kd4 67. a5 bxa5 68. Ka4 Nxc4 69. Kb5 Kc3 70. Nf3 Nd2 71. Nh2 c4 72. Kxa5 Kb3 0-1

[Event "Balkan Youth Online-ch 2020"]
[Site "Online"]
[Date "2020.10.31"]
[Round "6.26"]
[White "Djurovic, Peko"]
[Black "Erdogan, Tekin Alp"]
[Result "0-1"]
[WhiteElo "2074"]
[BlackElo "1828"]
[Annotator "TA"]
[PlyCount "100"]
[EventDate "2020.10.31"]
[EventType "swiss"]
[SourceTitle "playchess.com"]
[Source "ChessBase"]
[SourceQuality "1"]

1. e4 e5 2. Nf3 Nf6 3. Nxe5 d6 4. Nf3 Nxe4 5. Nc3 Nf6 6. d4 h6 7. Be2 d5 8. h3 Bd6 9. Be3 O-O 10. Qd2 c6 11. O-O-O Bb4 12. Bd3 Ne4 13. Bxe4 dxe4 14. Ne5 Re8 15. a3 Ba5 16. Nc4 Bc7 17. g4 b5 18. Ne5 f6 19. Ng6 a5 20. Nf4 b4 21. Nb1 Bd6 22. a4 Qc7 23. Nh5 Qf7 24. Rhg1 Nd7 25. h4 Nb6 26. b3 Bf8 27. Nf4 Nd5 28. Nxd5 cxd5 29. g5 fxg5 30. hxg5 hxg5 31. Rxg5 Bf5 32. Rdg1 Rac8 33. Bf4 e3 34. fxe3 Rxc2+ 35. Qxc2 Bxc2 36. Kxc2 Rc8+ 37. Kb2 Rc6 38. R5g2 Qf5 39. Be5 g6 40. Ka1 Bg7 41. Rg5 Qd3 42. Bxg7 Kxg7 43. Rxd5 Qxb3 44. Rxa5 Rc2 45. Ra7+ Kf6 46. Rf1+ Ke6 47. Ra6+ Kd5 48. Ra5+ Ke4 49. Re5+ Kd3 50. Rc1 Qa2# 0-1

[Event "Balkan Youth Online-ch 2020"]
[Site "Online"]
[Date "2020.10.31"]
[Round "6.27"]
[White "Herega, Nejc"]
[Black "Ristic, Luka"]
[Result "0-1"]
[WhiteElo "2052"]
[BlackElo "2262"]
[Annotator "TA"]
[PlyCount "108"]
[EventDate "2020.10.31"]
[EventType "swiss"]
[SourceTitle "playchess.com"]
[Source "ChessBase"]
[SourceQuality "1"]

1. d4 Nf6 2. c4 c5 3. d5 g6 4. Nc3 Bg7 5. e4 d6 6. h3 e6 7. Nf3 O-O 8. Bd3 exd5 9. cxd5 b5 10. Nxb5 Re8 11. O-O Nxe4 12. Re1 a6 13. Na3 Nf6 14. Rxe8+ Nxe8 15. Bg5 Bf6 16. Bxf6 Nxf6 17. Qd2 Bb7 18. Bc4 Nbd7 19. Re1 Nb6 20. b3 Bxd5 21. Bxd5 Nbxd5 22. Nc4 Ra7 23. Qg5 Qf8 24. Qg3 Rd7 25. Nfd2 Nb4 26. Qh4 Kg7 27. Ne4 Nxe4 28. Rxe4 d5 29. Ne5 dxe4 30. Nxd7 Qd6 31. Qd8 Nxa2 32. Qc8 Nc1 33. g3 e3 34. fxe3 Qxg3+ 35. Kh1 Qxh3+ 36. Kg1 Qg3+ 37. Kh1 Qh3+ 38. Kg1 Qxe3+ 39. Kh1 Qe1+ 40. Kg2 Qd2+ 41. Kh1 Qd1+ 42. Kg2 Qd5+ 43. Kh3 Qd6 44. Nxc5 Ne2 45. Kg2 Qg3+ 46. Kf1 Nf4 47. Qxa6 Qg2+ 48. Ke1 Qg1+ 49. Qf1 Ng2+ 50. Ke2 Qxc5 51. Qxg2 Qc2+ 52. Kf1 Qxg2+ 53. Kxg2 Kf6 54. Kf3 Ke5 0-1

[Event "Balkan Youth Online-ch 2020"]
[Site "Online"]
[Date "2020.10.31"]
[Round "6.28"]
[White "Oltean, Cristian-Daniel"]
[Black "Dobre, Radu-Fabian"]
[Result "0-1"]
[WhiteElo "2001"]
[BlackElo "2050"]
[Annotator "TA"]
[PlyCount "74"]
[EventDate "2020.10.31"]
[EventType "swiss"]
[SourceTitle "playchess.com"]
[Source "ChessBase"]
[SourceQuality "1"]

1. e4 e5 2. Nf3 Nc6 3. d4 exd4 4. Nxd4 Bc5 5. Nb3 Bb6 6. Nc3 Nf6 7. Qe2 O-O 8. Be3 Re8 9. f3 d5 10. O-O-O Be6 11. g4 d4 12. Nb5 Bxb3 13. axb3 Nxe4 14. Qg2 Ng5 15. Bf2 Qf6 16. Bh4 Ne5 17. Bxg5 Qxg5+ 18. Kb1 Rad8 19. Qg3 c6 20. Na3 Ng6 21. Bd3 Ba5 22. Rdf1 Bd2 23. Bxg6 Qxg6 24. f4 b5 25. f5 Qd6 26. Qg2 Bb4 27. Ka2 Qd5 28. Qf2 a5 29. f6 g6 30. h4 h6 31. Qf4 Kh7 32. Nb1 a4 33. Nd2 Bxd2 34. Qxd2 axb3+ 35. cxb3 Ra8+ 36. Kb1 Qe4+ 37. Qc2 Ra1+ 0-1

[Event "Balkan Youth Online-ch 2020"]
[Site "Online"]
[Date "2020.10.31"]
[Round "6.29"]
[White "Xheladini, Valton"]
[Black "Xhembulla, Aleksander"]
[Result "0-1"]
[WhiteElo "1440"]
[BlackElo "1739"]
[Annotator "NA RC"]
[PlyCount "76"]
[EventDate "2020.10.31"]
[EventType "swiss"]
[SourceTitle "playchess.com"]
[Source "ChessBase"]
[SourceQuality "1"]

1. e4 e5 2. Nf3 Nc6 3. d4 exd4 4. Nxd4 Bc5 5. Nxc6 Qf6 6. Qf3 dxc6 7. Bd3 Qxf3 8. gxf3 Ne7 9. Be3 Bxe3 10. fxe3 Ng6 11. Nc3 O-O 12. h4 f5 13. h5 Ne5 14. f4 fxe4 15. Nxe4 Nxd3+ 16. cxd3 Bf5 17. h6 Rae8 18. hxg7 Kxg7 19. Kf2 Bxe4 20. dxe4 Rxe4 21. Rag1+ Kh8 22. Rh3 Rc4 23. Rgh1 Rf7 24. Kf3 Rc2 25. R1h2 Rc1 26. Ke4 Rc5 27. Rh5 Re7+ 28. Kd4 Rd5+ 29. Rxd5 cxd5 30. f5 c6 31. f6 Re6 32. Rh5 Rxf6 33. Rh2 Kg7 34. Ke5 Rg6 35. a4 h6 36. a5 Kf7 37. Rf2+ Ke7 38. Kf5 Rf6+ 0-1

[Event "Balkan Youth Online-ch 2020"]
[Site "Online"]
[Date "2020.10.31"]
[Round "6.30"]
[White "Farmakoski, Georg"]
[Black "Skrbec, Leon"]
[Result "0-1"]
[WhiteElo "1481"]
[BlackElo "1964"]
[Annotator "RC"]
[PlyCount "82"]
[EventDate "2020.10.31"]
[EventType "swiss"]
[SourceTitle "playchess.com"]
[Source "ChessBase"]
[SourceQuality "1"]

1. Nf3 Nf6 2. c4 c5 3. g3 Nc6 4. Nc3 e6 5. d4 cxd4 6. Nxd4 Be7 7. Bg2 O-O 8. O-O Qb6 9. Nc2 a6 10. e4 d6 11. b3 Qc7 12. Be3 Bd7 13. Qd2 Rac8 14. h3 Ne5 15. f4 Ng6 16. Qf2 Bc6 17. Nd4 Bd8 18. Nxc6 bxc6 19. g4 d5 20. Bc5 Be7 21. Bxe7 Nxe7 22. e5 Nd7 23. cxd5 cxd5 24. Rac1 Qb6 25. Na4 Qb7 26. Qd4 Nc6 27. Qd2 Rc7 28. Rc2 Rfc8 29. Rfc1 Ne7 30. Rxc7 Rxc7 31. Rxc7 Qxc7 32. Bf1 Ng6 33. Bxa6 Qa7+ 34. Kh2 Qxa6 35. Qb4 Qe2+ 36. Kg1 Qe3+ 37. Kh1 Qxh3+ 38. Kg1 Qxg4+ 39. Kf1 Nxf4 40. Nc5 Qe2+ 41. Kg1 Qg2# 0-1

[Event "Balkan Youth Online-ch 2020"]
[Site "Online"]
[Date "2020.10.31"]
[Round "6.31"]
[White "Smirnov, Grigorii"]
[Black "Gregoric, Andraz"]
[Result "1/2-1/2"]
[WhiteElo "1413"]
[BlackElo "2037"]
[Annotator "TA"]
[PlyCount "108"]
[EventDate "2020.10.31"]
[EventType "swiss"]
[SourceTitle "playchess.com"]
[Source "ChessBase"]
[SourceQuality "1"]

1. d4 Nf6 2. c4 e6 3. Nf3 Bb4+ 4. Bd2 c5 5. Bxb4 cxb4 6. g3 b6 7. Bg2 Bb7 8. O-O O-O 9. Nbd2 d6 10. Re1 Qe7 11. e4 e5 12. d5 a5 13. Qa4 Na6 14. Qb5 Qc7 15. a3 Bc8 16. Qa4 Nd7 17. Qc2 Ndc5 18. Nb3 Bd7 19. Nxc5 Qxc5 20. a4 Qc7 21. Nd2 Qc8 22. Nb3 Qe8 23. Nd2 Nc5 24. b3 Qc8 25. Rf1 Bh3 26. Rae1 Bxg2 27. Kxg2 f5 28. f3 f4 29. g4 g5 30. Rh1 h5 31. h3 Kg7 32. Rh2 Rh8 33. Reh1 Qd7 34. Qd1 Rh6 35. Qe2 Rah8 36. Kg1 Kf6 37. Qg2 Qh7 38. Qe2 Qd7 39. Qf1 Qh7 40. Qe2 Qg7 41. Qf1 Qd7 42. Qd1 hxg4 43. hxg4 Rxh2 44. Rxh2 Rxh2 45. Kxh2 Qh7+ 46. Kg2 Qh4 47. Qh1 Qg3+ 48. Kf1 Qh4 49. Qxh4 gxh4 50. Kg2 Kg5 51. Kh3 Nd3 52. Kg2 Ne1+ 53. Kh3 Nc2 54. Kg2 Ne1+ 1/2-1/2

[Event "Balkan Youth Online-ch 2020"]
[Site "Online"]
[Date "2020.10.31"]
[Round "6.32"]
[White "Shtavica, Alaudin"]
[Black "Dafa, Sirio"]
[Result "0-1"]
[WhiteElo "1323"]
[BlackElo "1004"]
[Annotator "NA RC"]
[PlyCount "68"]
[EventDate "2020.10.31"]
[EventType "swiss"]
[SourceTitle "playchess.com"]
[Source "ChessBase"]
[SourceQuality "1"]

1. e4 e5 2. Nf3 Nc6 3. Bc4 Nf6 4. d3 Be7 5. O-O O-O 6. h3 d6 7. Be3 Na5 8. Nbd2 c5 9. a3 Nxc4 10. Nxc4 b5 11. Ncd2 Be6 12. Nh2 d5 13. exd5 Nxd5 14. Ndf3 Nxe3 15. fxe3 e4 16. dxe4 Qc7 17. Qe2 Bc4 18. Qf2 Bxf1 19. Rxf1 Bd6 20. e5 Bxe5 21. Nxe5 Qxe5 22. Ng4 Qxb2 23. Qe2 b4 24. axb4 cxb4 25. Qd3 Qa2 26. Ne5 Qe6 27. Nf3 Rad8 28. Qb5 Qxe3+ 29. Kh1 Qb6 30. Qc4 a5 31. Ng5 Qg6 32. Nf3 Rc8 33. Qf4 Rxc2 34. Ne5 Qxg2# 0-1

[Event "Balkan Youth Online-ch 2020"]
[Site "Online"]
[Date "2020.10.31"]
[Round "6.34"]
[White "Krallis, Christos"]
[Black "Budisavljevic, Luka"]
[Result "1-0"]
[WhiteElo "2444"]
[BlackElo "2454"]
[Annotator "TA"]
[PlyCount "137"]
[EventDate "2020.10.31"]
[EventType "swiss"]
[SourceTitle "playchess.com"]
[Source "ChessBase"]
[SourceQuality "1"]

1. d4 Nf6 2. c4 a6 3. g3 c5 4. Nf3 cxd4 5. Nxd4 Qc7 6. b3 e5 7. Nc2 b5 8. Bg2 Bb7 9. Bxb7 Qxb7 10. O-O Be7 11. Bg5 O-O 12. Nc3 Nc6 13. Ne3 Nd4 14. Bxf6 Bxf6 15. Ned5 Bd8 16. e3 Ne6 17. cxb5 axb5 18. a4 bxa4 19. bxa4 f5 20. Qb1 Qc6 21. Rc1 Ng5 22. f4 exf4 23. exf4 Nf3+ 24. Kg2 Nd4 25. Qa2 Qe6 26. Re1 Qf7 27. Rad1 Ne6 28. Nb5 Ra6 29. Nb4 Rb6 30. Qd5 Be7 31. Nd3 Bf6 32. Qxf5 Qe8 33. Qd5 Qa8 34. Nc5 Qxd5+ 35. Rxd5 Nxc5 36. Rxc5 Ra8 37. Rc4 d5 38. Rc7 h6 39. Rd7 d4 40. Nxd4 Rb2+ 41. Kf3 Rd2 42. Ke3 Rxh2 43. Ra1 Re8+ 44. Kd3 Rg2 45. a5 Rxg3+ 46. Kc4 Ree3 47. a6 Ra3 48. Rxa3 Rxa3 49. a7 Bxd4 50. Kxd4 Kh7 51. f5 Ra1 52. f6 Rd1+ 53. Ke5 Rxd7 54. a8=Q gxf6+ 55. Ke6 Rg7 56. Qe4+ Kh8 57. Kxf6 h5 58. Qe8+ Kh7 59. Qxh5+ Kg8 60. Qd5+ Kh8 61. Qh5+ Kg8 62. Qh6 Rf7+ 63. Ke6 Re7+ 64. Kd6 Rg7 65. Qh5 Rf7 66. Ke6 Rg7 67. Qe8+ Kh7 68. Kf6 Kh6 69. Qf8 1-0

[Event "Balkan Youth Online-ch 2020"]
[Site "Online"]
[Date "2020.10.31"]
[Round "6.35"]
[White "Patrelakis, Evaggelos"]
[Black "Pobor, Milo"]
[Result "1-0"]
[WhiteElo "2281"]
[BlackElo "2084"]
[Annotator "TA"]
[PlyCount "67"]
[EventDate "2020.10.31"]
[EventType "swiss"]
[SourceTitle "playchess.com"]
[Source "ChessBase"]
[SourceQuality "1"]

1. d4 Nf6 2. c4 c5 3. Nf3 g6 4. Nc3 Bg7 5. e4 O-O 6. Be2 Nc6 7. d5 Nb8 8. e5 Ne8 9. Bg5 h6 10. Be3 d6 11. Qd2 Kh7 12. h4 Bg4 13. exd6 exd6 14. Ng5+ hxg5 15. hxg5+ Kg8 16. Bxg4 Nd7 17. f4 Nc7 18. O-O-O a6 19. Ne4 Qe7 20. Ng3 f5 21. gxf6 Nxf6 22. Bf3 b5 23. f5 bxc4 24. fxg6 Nd7 25. Bh6 Ne5 26. Be4 c3 27. Qxc3 Nb5 28. Qe1 Nc4 29. Bxg7 Qxg7 30. Qe2 Nba3 31. Bf5 Rfb8 32. Qe6+ Kf8 33. Rh8+ Qxh8 34. Qf7# 1-0

[Event "Balkan Youth Online-ch 2020"]
[Site "Online"]
[Date "2020.10.31"]
[Round "6.36"]
[White "Unat, Can Haktan"]
[Black "Papidakis, Georgios"]
[Result "1-0"]
[WhiteElo "2130"]
[BlackElo "2135"]
[Annotator "TA"]
[PlyCount "145"]
[EventDate "2020.10.31"]
[EventType "swiss"]
[SourceTitle "playchess.com"]
[Source "ChessBase"]
[SourceQuality "1"]

1. e4 e5 2. Nf3 Nc6 3. Bc4 Nf6 4. d4 exd4 5. e5 d5 6. Bb5 Nd7 7. Nxd4 Nxd4 8. Qxd4 c6 9. Bd3 Bc5 10. Qg4 g6 11. Qe2 O-O 12. f4 Re8 13. Nd2 f6 14. Nb3 fxe5 15. Nxc5 Nxc5 16. fxe5 Qh4+ 17. g3 Qd4 18. Bf4 Bg4 19. Qxg4 Nxd3+ 20. cxd3 Rxe5+ 21. Kd1 Qxd3+ 22. Bd2 Rae8 23. Kc1 Re4 24. Qd1 Rc4+ 25. Bc3 Qxd1+ 26. Kxd1 d4 27. Re1 Rxe1+ 28. Bxe1 d3 29. Rc1 Re4 30. Rc3 Re2 31. Rxd3 Rxb2 32. h4 h6 33. Rd2 Rb5 34. Bf2 a6 35. Be3 g5 36. h5 g4 37. Bxh6 Rxh5 38. Bf4 Rb5 39. Rd7 a5 40. Kc2 Rc5+ 41. Kb2 b5 42. Bh6 Rh5 43. Be3 Rh3 44. Bf4 Rh5 45. Rd6 c5 46. Rg6+ Kf7 47. Rxg4 Rh2+ 48. Kb1 Rh1+ 49. Bc1 Kf6 50. Kc2 Rh2+ 51. Kb1 Rh1 52. Rh4 Rg1 53. Rh5 Rxg3 54. Rxc5 b4 55. Rxa5 Ke6 56. Rc5 b3 57. a3 Kd6 58. Rc8 Kd7 59. Rc4 Rf3 60. Kb2 Rf6 61. Be3 Rc6 62. Rb4 Kc8 63. Kxb3 Rc7 64. a4 Rb7 65. Bb6 Kb8 66. a5 Ka8 67. Ka4 Rb8 68. Kb5 Rb7 69. Kc6 Rb8 70. Re4 Rg8 71. Re6 Rh8 72. Bd8 Rxd8 73. Kc7 1-0

[Event "Balkan Youth Online-ch 2020"]
[Site "Online"]
[Date "2020.10.31"]
[Round "6.37"]
[White "Kilic, Gokturk Kagan"]
[Black "Stepanencu, Nicodim-Cosmin"]
[Result "1-0"]
[WhiteElo "2084"]
[BlackElo "2006"]
[Annotator "TA"]
[PlyCount "147"]
[EventDate "2020.10.31"]
[EventType "swiss"]
[SourceTitle "playchess.com"]
[Source "ChessBase"]
[SourceQuality "1"]

1. e4 e6 2. d4 d5 3. e5 c5 4. c3 Nc6 5. Nf3 Bd7 6. Bd3 Qb6 7. dxc5 Bxc5 8. O-O a5 9. Qc2 Nge7 10. Bf4 Rd8 11. Nbd2 Ng6 12. Bg3 a4 13. Rfe1 O-O 14. h4 f5 15. exf6 Rxf6 16. b4 axb3 17. axb3 Rc8 18. Nf1 e5 19. Bxg6 hxg6 20. Bxe5 Nxe5 21. Rxe5 Bf5 22. Qd2 Be4 23. N1h2 Bd6 24. Rxd5 Bxh2+ 25. Nxh2 Bxd5 26. Qxd5+ Rf7 27. Nf3 Rd8 28. Qg5 Qf6 29. Qc5 b6 30. Qc4 Kh8 31. Rf1 Re7 32. Ng5 Rf8 33. f3 Re3 34. Ne4 Qxh4 35. Qd4 Re2 36. Ra1 Qf4 37. Qxb6 Re3 38. Qd4 Re2 39. Qd3 Re3 40. Qc4 g5 41. Rf1 g4 42. Qc5 Rxe4 43. Qh5+ Kg8 44. Qd5+ Rf7 45. Qxe4 Qd2 46. Qe8+ Rf8 47. Qe6+ Kh8 48. Qxg4 Qxc3 49. Qh4+ Kg8 50. Qc4+ Qxc4 51. bxc4 Kf7 52. Kf2 Ke6 53. Ke3 Kd6 54. Rc1 Kc5 55. f4 Re8+ 56. Kf3 Rd8 57. g4 Rd3+ 58. Ke4 Rd4+ 59. Kf5 Rd6 60. Kg5 Rc6 61. Re1 Kd4 62. Re7 g6 63. Rg7 Rxc4 64. Rxg6 Rc5+ 65. f5 Ke4 66. Re6+ Kf3 67. Re1 Rc4 68. Rf1+ Kg3 69. Rg1+ Kf2 70. Rh1 Kg3 71. Rh4 Rf4 72. f6 Re4 73. f7 Rf4 74. Rh3+ 1-0

[Event "Balkan Youth Online-ch 2020"]
[Site "Online"]
[Date "2020.10.31"]
[Round "6.38"]
[White "Velkoski, Stojan"]
[Black "Jordanov Mihail"]
[Result "0-1"]
[WhiteElo "1705"]
[BlackElo "2105"]
[Annotator "TA"]
[PlyCount "58"]
[EventDate "2020.10.31"]
[EventType "swiss"]
[SourceTitle "playchess.com"]
[Source "ChessBase"]
[SourceQuality "1"]

1. e4 e5 2. Nf3 Nc6 3. Bc4 Nf6 4. d3 Bc5 5. c3 d6 6. O-O O-O 7. a4 a5 8. h3 h6 9. Re1 Bb6 10. Nbd2 Ne7 11. Nf1 Ng6 12. Ng3 c6 13. Bb3 Re8 14. h4 Bg4 15. Nf5 d5 16. Qc2 Qd7 17. Be3 Bc7 18. h5 Nxh5 19. N5h4 Nxh4 20. Nxh4 Bd8 21. Nf3 Bxf3 22. gxf3 Qh3 23. exd5 cxd5 24. Bxd5 Ra6 25. d4 Kf8 26. Be4 exd4 27. Bxd4 Nf4 28. Bc5+ Be7 29. Bxe7+ Rxe7 0-1

[Event "Balkan Youth Online-ch 2020"]
[Site "Online"]
[Date "2020.10.31"]
[Round "6.39"]
[White "Magold, Victor"]
[Black "Terziev, Dimo"]
[Result "0-1"]
[WhiteElo "2045"]
[BlackElo "2123"]
[Annotator "TA"]
[PlyCount "54"]
[EventDate "2020.10.31"]
[EventType "swiss"]
[SourceTitle "playchess.com"]
[Source "ChessBase"]
[SourceQuality "1"]

1. d4 d5 2. c4 dxc4 3. e3 Nf6 4. Bxc4 e6 5. Nf3 a6 6. O-O b5 7. Be2 Bb7 8. Ne5 Nbd7 9. Bf3 Bxf3 10. Qxf3 Nxe5 11. dxe5 Nd7 12. Qc6 Qc8 13. Rd1 Rb8 14. Bd2 Rb6 15. Qe4 c5 16. Ba5 Rb7 17. Nc3 Be7 18. Qf4 b4 19. Ne4 Rb5 20. a4 Rxa5 21. Qg4 O-O 22. Rxd7 Qxd7 23. Nf6+ Bxf6 24. exf6 g6 25. Qg5 Qd8 26. e4 h6 27. Qh4 Kh7 0-1